Tâm lý y học và đạo đức y học : Dùng cho đào tạo cử nhân điều dưỡng

Cuốn sách đề cập đến những vấn đề cơ bản của Tâm lý học đại cương và Tâm lý học y học, cũng như việc áp dụng y đức trong việc chăm sóc người bệnh của một Điều dưỡng.

Đã lưu trong:
Sonraí Bibleagrafaíochta
Príomhúdar: Lê Thanh Tùng (Chủ biên)
Údair Eile: Nguyễn Bảo Ngọc (Chủ biên), Mai Thị Thu Hằng (Biên soạn), Vũ Thị Hải Oanh (Biên soạn)
Formáid: Leabhar
Teanga:Vietnamese
Foilsithe: H. Giáo dục Việt Nam 2018
Ábhair:
Clibeanna: Cuir Clib Leis
Gan Chlibeanna, Bí ar an gcéad duine leis an taifead seo a chlibeáil!
Thư viện lưu trữ: Thư viện Trường Đại học Nam Cần Thơ
LEADER 02035nam a22002897a 4500
001 NCT_4_012933
008 190215b xxu||||| |||| 00| 0 vie d
999 |c 8609  |d 8609 
020 |c 72000  |a 9786040148070 
082 0 4 |2 23rd ed.  |a 174.2  |b T513 
100 1 |a Lê Thanh Tùng  |e Chủ biên 
245 1 0 |a Tâm lý y học và đạo đức y học :  |b Dùng cho đào tạo cử nhân điều dưỡng  |c Lê Thanh Tùng, Nguyễn Bảo Ngọc (Chủ biên); Mai Thị Thu Hằng, Vũ Thị Hải Oanh (Biên soạn) 
260 |a H.  |b Giáo dục Việt Nam  |c 2018 
300 |a 163tr.  |c 27cm 
500 |a ĐTTS ghi: Trường đại học điều dưỡng Nam Định 
520 3 |a Cuốn sách đề cập đến những vấn đề cơ bản của Tâm lý học đại cương và Tâm lý học y học, cũng như việc áp dụng y đức trong việc chăm sóc người bệnh của một Điều dưỡng. 
653 |a Y Đa khoa 
700 1 |a Nguyễn Bảo Ngọc   |e Chủ biên 
700 1 |a Mai Thị Thu Hằng  |e Biên soạn 
700 1 |a Vũ Thị Hải Oanh  |e Biên soạn 
942 |2 ddc  |c BK 
952 |0 0  |1 0  |2 ddc  |4 0  |6 174_200000000000000_T513  |7 0  |9 29506  |a 000001  |b 000001  |d 2024-09-14  |o 174.2 T513  |p MD.22660  |r 2024-09-14  |v 72000.00  |w 2024-09-14  |y BK 
952 |0 0  |1 0  |2 ddc  |4 0  |6 174_200000000000000_T513  |7 0  |9 29507  |a 000001  |b 000001  |d 2024-09-14  |o 174.2 T513  |p MD.22661  |r 2024-09-14  |v 72000.00  |w 2024-09-14  |y BK 
952 |0 0  |1 0  |2 ddc  |4 0  |6 174_200000000000000_T513  |7 0  |9 29508  |a 000001  |b 000001  |d 2024-09-14  |o 174.2 T513  |p MD.22662  |r 2024-09-14  |v 72000.00  |w 2024-09-14  |y BK 
952 |0 0  |1 0  |2 ddc  |4 0  |6 174_200000000000000_T513  |7 0  |9 29509  |a 000001  |b 000001  |d 2024-09-14  |o 174.2 T513  |p MD.22663  |r 2024-09-14  |v 72000.00  |w 2024-09-14  |y BK 
952 |0 0  |1 0  |2 ddc  |4 0  |6 174_200000000000000_T513  |7 0  |9 29510  |a 000001  |b 000001  |d 2024-09-14  |l 2  |o 174.2 T513  |p MD.22664  |r 2024-12-06  |s 2024-11-29  |v 72000.00  |w 2024-09-14  |y BK 
980 |a Thư viện Trường Đại học Nam Cần Thơ